[Event "Daventry 4NCL Easter op"]
[Site "Daventry"]
[Date "2025.04.20"]
[Round "5"]
[White "Sasikumar, Srivathsan"]
[Black "Sooraj, Menothuparam Raju"]
[Result "0-1"]
[WhiteElo "1868"]
[BlackElo "2154"]
[PlyCount "130"]
[EventDate "2025.04.18"]
[EventType "swiss"]
[EventRounds "7"]
[EventCountry "ENG"]
[SourceTitle "CB17_2025"]
[SourceDate "2025.04.23"]
[SourceVersion "1"]
[SourceVersionDate "2025.04.23"]
[SourceQuality "1"]

1. e4 Nf6 2. e5 Nd5 3. d4 d6 4. Nf3 g6 5. Bc4 Nb6 6. Bb3 Bg7 7. 0-0 0-0 8. Bf4 Nc6 9. c3 a5 10. a4 dxe5 11. Nxe5 Nxe5 12. dxe5 Bd7 13. Re1 e6 14. Nd2 Bc6 15. Qc2 Nd7 16. Rad1 Qe8 17. Ne4 Rc8 18. Bg3 Qe7 19. f4 b6 20. Bf2 Rfd8 21. Bc4 Nb8 22. b3 Rxd1 23. Rxd1 Rd8 24. Rxd8+ Qxd8 25. Ng3 Nd7 26. Qd2 Qe7 27. Ne2 Nc5 28. Bxc5 Qxc5+ 29. Nd4 Bxa4 30. Bxe6 Be8 31. Bg4 b5 32. b4 axb4 33. cxb4 Qa7 34. h3 c5 35. bxc5 Qxc5 36. Kh2 b4 37. Bd1 Bh6 38. Qe3 Bd7 39. Bb3 Be6 40. Bxe6 fxe6 41. Qe4 Qd5 42. Qxd5 exd5 43. g3 Bf8 44. Kg2 Bc5 45. Nb3 Bb6 46. Kf3 Kf7 47. g4 Ke6 48. Ke2 g5 49. Kf3 h6 50. Nd2 gxf4 51. Kxf4 Bd4 52. Nf3 Bc3 53. Ke3 Bxe5 54. Kd3 Bc3 55. h4 Bg7 56. g5 hxg5 57. Nxg5+ Kf5 58. Nf3 Kg4 59. Ne1 b3 60. Ng2 Bh6 61. Kc3 Kf3 62. Ne1+ Ke2 63. Ng2 Kf2 64. Kxb3 Kxg2 65. Kb4 Kf3 0-1

[Event "British Rapidplay"]
[Site "Peterborough"]
[Date "2025.03.02"]
[Round "11"]
[White "Sasikumar, Srivathsan"]
[Black "Bin Suhayl, Yousuf"]
[Result "1-0"]
[WhiteElo "1868"]
[BlackElo "1897"]
[PlyCount "97"]
[EventDate "2025.03.01"]
[EventType "swiss (rapid)"]
[EventRounds "11"]
[EventCountry "ENG"]
[SourceTitle "CB10_2025"]
[SourceDate "2025.03.05"]
[SourceVersion "1"]
[SourceVersionDate "2025.03.05"]
[SourceQuality "1"]

1. e4 e6 2. d4 d5 3. Be3 Nf6 4. e5 Nfd7 5. f4 c5 6. c3 Nc6 7. Nf3 Be7 8. Be2 f6 9. 0-0 cxd4 10. cxd4 fxe5 11. fxe5 0-0 12. Nc3 a6 13. Qd2 b5 14. Rac1 Na5 15. Bd3 Nc4 16. Bxc4 bxc4 17. Ng5 Rxf1+ 18. Rxf1 Bxg5 19. Bxg5 Qe8 20. Ne2 Nf8 21. Ng3 Bd7 22. Qf2 Qg6 23. Be7 Qe8 24. Bxf8 Qxf8 25. Qxf8+ Rxf8 26. Rxf8+ Kxf8 27. Kf2 Ba4 28. Ke2 Bc2 29. Kd2 Bb1 30. a3 a5 31. Ne2 Ba2 32. Nc3 Bb3 33. Nb5 Kf7 34. Nd6+ Kg6 35. Nb7 a4 36. Nc5 Kf5 37. h3 h5 38. g4+ hxg4 39. hxg4+ Kxg4 40. Nxe6 g5 41. Ng7 Ba2 42. Kc1 c3 43. bxc3 Kf3 44. e6 Bc4 45. e7 Bb5 46. e8Q Bxe8 47. Nxe8 g4 48. Ng7 g3 49. Nf5 1-0

[Event "British Rapidplay"]
[Site "Peterborough"]
[Date "2025.03.02"]
[Round "7"]
[White "Sasikumar, Srivathsan"]
[Black "Takvorian, Sebouh"]
[Result "0-1"]
[WhiteElo "1868"]
[BlackElo "1802"]
[PlyCount "72"]
[EventDate "2025.03.01"]
[EventType "swiss (rapid)"]
[EventRounds "11"]
[EventCountry "ENG"]
[SourceTitle "CB10_2025"]
[SourceDate "2025.03.05"]
[SourceVersion "1"]
[SourceVersionDate "2025.03.05"]
[SourceQuality "1"]

1. e4 e6 2. d4 d5 3. Be3 dxe4 4. Nd2 Nf6 5. c3 Bd7 6. g3 Nd5 7. Bg2 f5 8. Ne2 Bd6 9. 0-0 0-0 10. c4 Nxe3 11. fxe3 c5 12. Qb3 cxd4 13. Nxd4 Nc6 14. Qxb7 Ne5 15. Qa6 Qe7 16. a3 Rfb8 17. b4 Nd3 18. c5 Be5 19. c6 Bxd4 20. exd4 Rb6 21. Qa5 Bxc6 22. Nc4 Rb5 23. Qa6 Qd7 24. Kh1 Bb7 25. Qa4 Bc6 26. Qa6 Rd5 27. a4 Bb7 28. Ne5 Nxe5 29. Qe2 Rxd4 30. Rac1 Rd2 31. Qe3 Ng4 32. Qf4 Rd8 33. Rc7 Qd5 34. h3 Rxg2 35. Qg5 Rh2+ 36. Kg1 Qd4+ 0-1

[Event "British Rapidplay"]
[Site "Peterborough"]
[Date "2025.03.01"]
[Round "6"]
[White "Fellowes, Billy"]
[Black "Sasikumar, Srivathsan"]
[Result "1-0"]
[WhiteElo "2203"]
[BlackElo "1868"]
[PlyCount "70"]
[EventDate "2025.03.01"]
[EventType "swiss (rapid)"]
[EventRounds "11"]
[EventCountry "ENG"]
[SourceTitle "CB10_2025"]
[SourceDate "2025.03.05"]
[SourceVersion "1"]
[SourceVersionDate "2025.03.05"]
[SourceQuality "1"]

1. e4 c5 2. Nf3 Nc6 3. Bb5 e6 4. 0-0 Nge7 5. c3 a6 6. Ba4 b5 7. Bc2 Ng6 8. d4 cxd4 9. cxd4 d5 10. e5 Be7 11. Nc3 0-0 12. Ne2 Bd7 13. g3 Rc8 14. h4 f6 15. h5 Nh8 16. exf6 Bxf6 17. a3 Qe8 18. Nf4 Nxd4 19. Nxd4 Bxd4 20. h6 Bf6 21. hxg7 Bxg7 22. Bd3 Qf7 23. Nh5 e5 24. Nxg7 Qxg7 25. Qh5 Nf7 26. Bd2 Be6 27. Bb4 Rfe8 28. Bf5 Bxf5 29. Qxf5 Qg6 30. Qf3 e4 31. Qf4 Qg5 32. Rfd1 Qxf4 33. gxf4 Rcd8 34. Rd4 Nh6 35. Rad1 Re6 1-0

[Event "British Rapidplay"]
[Site "Peterborough"]
[Date "2025.03.01"]
[Round "2"]
[White "Sasikumar, Srivathsan"]
[Black "Hryshchenko, Kamila"]
[Result "0-1"]
[WhiteElo "1868"]
[BlackElo "2119"]
[PlyCount "129"]
[EventDate "2025.03.01"]
[EventType "swiss (rapid)"]
[EventRounds "11"]
[EventCountry "ENG"]
[SourceTitle "CB10_2025"]
[SourceDate "2025.03.05"]
[SourceVersion "1"]
[SourceVersionDate "2025.03.05"]
[SourceQuality "1"]

1. e4 d6 2. d4 g6 3. Nc3 Bg7 4. f4 Nf6 5. Nf3 c5 6. Be2 0-0 7. 0-0 cxd4 8. Nxd4 Nc6 9. Nxc6 bxc6 10. Be3 Qc7 11. Bf3 Nd7 12. Qd2 Nb6 13. b3 Bb7 14. Rad1 Rfd8 15. Kh1 d5 16. Bxb6 axb6 17. exd5 cxd5 18. Nxd5 Bxd5 19. Bxd5 e6 20. Bxa8 Rxd2 21. Rxd2 Bh6 22. Rdf2 Qa7 23. Be4 Qxa2 24. Bd3 Qb2 25. Rf3 Qa3 26. Bc4 Qb4 27. Rg3 b5 28. Bd3 Bxf4 29. Rgf3 e5 30. g3 f5 31. gxf4 e4 32. Rg3 exd3 33. Rxd3 Kf7 34. Kg2 Qe4+ 35. Kg1 Qc6 36. Rf2 Qc5 37. Kg2 Qc6+ 38. Kg1 Qe4 39. Rd7+ Kg8 40. Rd8+ Kg7 41. Rd7+ Kh6 42. Rd3 Qe1+ 43. Kg2 b4 44. Rh3+ Kg7 45. Rd3 Qe4+ 46. Kg1 h6 47. Rd7+ Kf6 48. Rd6+ Kf7 49. Rd7+ Ke6 50. Rdd2 Qb7 51. Rd3 g5 52. Re2+ Kf7 53. Rf2 Qe4 54. Rdf3 g4 55. Rd3 h5 56. Rd7+ Ke6 57. Rdd2 Qc6 58. Rd3 h4 59. Re3+ Kf6 60. Rfe2 Qc5 61. Kf1 Qd5 62. Kg1 Qd4 63. Kh1 Qxf4 64. Kg1 Qd4 65. Kg2 0-1

[Event "Isle of Wight op"]
[Site "Ryde"]
[Date "2025.02.20"]
[Round "4"]
[White "Sasikumar, Srivathsan"]
[Black "Mittal, Advik"]
[Result "0-1"]
[WhiteElo "1992"]
[BlackElo "1732"]
[PlyCount "150"]
[EventDate "2025.02.18"]
[EventType "swiss"]
[EventRounds "9"]
[EventCountry "ENG"]
[SourceTitle "CB09_2025"]
[SourceDate "2025.02.27"]
[SourceVersion "1"]
[SourceVersionDate "2025.02.27"]
[SourceQuality "1"]

1. e4 e5 2. Nc3 Nf6 3. f4 d5 4. fxe5 Nxe4 5. Qf3 Nxc3 6. bxc3 c5 7. Bb5+ Bd7 8. Bxd7+ Qxd7 9. Ne2 Nc6 10. Nf4 0-0-0 11. d4 cxd4 12. cxd4 Nxd4 13. Qc3+ Nc6 14. 0-0 Bb4 15. Qg3 Bc5+ 16. Be3 Bxe3+ 17. Qxe3 Rde8 18. Nd3 b6 19. Qg3 Rhg8 20. Rac1 Re6 21. c4 Rg6 22. Qf3 d4 23. c5 b5 24. Rb1 a6 25. a4 Rd8 26. axb5 axb5 27. Rxb5 Qd5 28. Qxd5 Rxd5 29. Nf4 Rxe5 30. Nxg6 fxg6 31. Ra1 Kd7 32. Ra6 d3 33. Kf2 Kc7 34. Ra2 Nd4 35. Rb6 Rxc5 36. Ke3 Nf5+ 37. Kxd3 Kxb6 38. Rf2 Rd5+ 39. Ke4 Rd7 40. Ke5 Re7+ 41. Kd5 Kc7 42. Ra2 Kd8 43. Ra8+ Kd7 44. g3 Ne3+ 45. Kd4 Ng4 46. h3 Nf6 47. g4 h6 48. Rb8 Ke6 49. Ke3 Kf7+ 50. Kf3 g5 51. Rb5 Kg6 52. Ra5 Rd7 53. Ra6 h5 54. gxh5+ Kxh5 55. Kg3 Rd3+ 56. Kg2 g4 57. hxg4+ Kxg4 58. Ra4+ Kf5 59. Kf2 g5 60. Ke2 Rb3 61. Kf2 Ne4+ 62. Kg2 Kf4 63. Ra2 g4 64. Rc2 Rd3 65. Rc8 Rd2+ 66. Kf1 Kg3 67. Rc4 Kf3 68. Ke1 Re2+ 69. Kd1 Nf2+ 70. Kc1 g3 71. Rc3+ Kg2 72. Ra3 Kh2 73. Ra8 g2 74. Rh8+ Nh3 75. Kd1 Ra2 0-1

[Event "Isle of Wight blitz op1"]
[Site "Isle of Wight"]
[Date "2025.02.19"]
[Round "3"]
[White "Ding, Yiwen"]
[Black "Sasikumar, Srivathsan"]
[Result "0-1"]
[WhiteElo "1728"]
[BlackElo "1919"]
[PlyCount "88"]
[EventDate "2025.02.19"]
[EventType "swiss (blitz)"]
[EventRounds "7"]
[EventCountry "ENG"]
[SourceTitle "CB08_2025"]
[SourceDate "2025.02.19"]
[SourceVersion "1"]
[SourceVersionDate "2025.02.19"]
[SourceQuality "1"]

1. d4 Nf6 2. c4 e6 3. Nf3 d5 4. Nc3 c6 5. Bf4 Nbd7 6. e3 Be7 7. Be2 0-0 8. 0-0 dxc4 9. Bxc4 b5 10. Bd3 Bb7 11. a3 a6 12. Ne5 c5 13. Nxd7 Qxd7 14. dxc5 Bxc5 15. Be2 Qxd1 16. Rfxd1 Nd5 17. Nxd5 Bxd5 18. Rac1 Rac8 19. b4 Bb6 20. Bf3 Bxf3 21. gxf3 Rc4 22. Rxc4 bxc4 23. Rc1 Rc8 24. Kf1 Bd8 25. Be5 Be7 26. Ke2 f6 27. Bc3 Kf7 28. Rd1 Rc7 29. a4 e5 30. Rd5 Rb7 31. b5 axb5 32. Rxb5 Rxb5 33. axb5 Ke6 34. e4 Bc5 35. Bd2 Kd6 36. Be3 Bxe3 37. fxe3 Kc5 38. Kd2 Kxb5 39. Kc3 Kc5 40. f4 Kb5 41. h4 g6 42. f5 gxf5 43. exf5 h5 44. e4 Kc5 0-1

[Event "Isle of Wight blitz op1"]
[Site "Isle of Wight"]
[Date "2025.02.19"]
[Round "6"]
[White "Hanley, Craig"]
[Black "Sasikumar, Srivathsan"]
[Result "0-1"]
[WhiteElo "2439"]
[BlackElo "1919"]
[PlyCount "87"]
[EventDate "2025.02.19"]
[EventType "swiss (blitz)"]
[EventRounds "7"]
[EventCountry "ENG"]
[SourceTitle "CB08_2025"]
[SourceDate "2025.02.19"]
[SourceVersion "1"]
[SourceVersionDate "2025.02.19"]
[SourceQuality "1"]

1. b3 Nf6 2. Bb2 d5 3. Nf3 e6 4. g3 c5 5. Bg2 Nc6 6. 0-0 Be7 7. d3 0-0 8. Nbd2 b6 9. e4 Bb7 10. Re1 Re8 11. h3 Nd7 12. Nh2 Bf6 13. c3 Nde5 14. Ndf3 dxe4 15. dxe4 Nd3 16. Qc2 Nxe1 17. Nxe1 e5 18. Ng4 Qe7 19. Ne3 Rac8 20. Nd5 Qe6 21. Nf3 Ne7 22. c4 Nxd5 23. exd5 Qd6 24. Nd2 Qb8 25. g4 g6 26. Ne4 Bg7 27. Re1 h6 28. h4 b5 29. g5 h5 30. Ba3 b4 31. Bc1 Rcd8 32. Nxc5 Bc8 33. Be3 Bf8 34. Ne4 Bg7 35. c5 Bf5 36. Qc4 Bxe4 37. Bxe4 Rc8 38. Kg2 Bf8 39. Rd1 a5 40. d6 Red8 41. Bxg6 Qb7+ 42. Kg3 Bxd6 43. Bf5 Rc7 44. Qd5 0-1

[Event "Isle of Wight blitz op1"]
[Site "Isle of Wight"]
[Date "2025.02.19"]
[Round "2"]
[White "Sasikumar, Srivathsan"]
[Black "Khoury, Theo"]
[Result "0-1"]
[WhiteElo "1919"]
[BlackElo "2199"]
[PlyCount "80"]
[EventDate "2025.02.19"]
[EventType "swiss (blitz)"]
[EventRounds "7"]
[EventCountry "ENG"]
[SourceTitle "CB08_2025"]
[SourceDate "2025.02.19"]
[SourceVersion "1"]
[SourceVersionDate "2025.02.19"]
[SourceQuality "1"]

1. e4 c5 2. Nf3 d6 3. d4 cxd4 4. Nxd4 Nf6 5. Nc3 a6 6. Be2 e5 7. Nb3 Be7 8. Be3 Be6 9. 0-0 0-0 10. f3 Nbd7 11. Nd5 Bxd5 12. exd5 b5 13. f4 exf4 14. Bxf4 Nb6 15. Bf3 Nc4 16. Rb1 Qd7 17. Nd4 Bd8 18. Nc6 Bb6+ 19. Kh1 Rfe8 20. Qd3 Be3 21. Bxe3 Rxe3 22. Qd4 Rae8 23. b3 Na3 24. Rbc1 b4 25. Qxb4 Nb5 26. c4 Nc7 27. Rce1 h6 28. Qd2 Rxe1 29. Rxe1 Rxe1+ 30. Qxe1 Kh7 31. h3 Qf5 32. Qe2 Qf4 33. Qf2 Nce8 34. Kg1 g6 35. g3 Qc1+ 36. Kg2 Ng7 37. g4 h5 38. g5 Qxg5+ 39. Kh2 Nf5 40. Nd4 Qf4+ 0-1

[Event "Isle of Wight blitz op1"]
[Site "Isle of Wight"]
[Date "2025.02.19"]
[Round "5"]
[White "Singh, Amrik J"]
[Black "Sasikumar, Srivathsan"]
[Result "0-1"]
[WhiteElo "1778"]
[BlackElo "1919"]
[PlyCount "94"]
[EventDate "2025.02.19"]
[EventType "swiss (blitz)"]
[EventRounds "7"]
[EventCountry "ENG"]
[SourceTitle "CB08_2025"]
[SourceDate "2025.02.19"]
[SourceVersion "1"]
[SourceVersionDate "2025.02.19"]
[SourceQuality "1"]

1. e4 c5 2. f4 Nc6 3. Nf3 e6 4. c3 d5 5. e5 Nge7 6. d3 Nf5 7. Na3 Be7 8. Nc2 0-0 9. Be2 Nh4 10. 0-0 Ng6 11. Qe1 f6 12. d4 cxd4 13. cxd4 fxe5 14. fxe5 Bd7 15. Bd3 Nh4 16. Nxh4 Rxf1+ 17. Qxf1 Bxh4 18. Be3 Bg5 19. Bf2 Qb6 20. Rb1 Rf8 21. Qe2 Ne7 22. g4 Be8 23. a3 Bg6 24. h4 Bxd3 25. Qxd3 Bf4 26. b4 Bxe5 27. Re1 Bc7 28. Qe3 Rf6 29. g5 Nf5 30. Qe2 Qd6 31. Be3 Rf8 32. Rf1 Nxh4 33. Rxf8+ Qxf8 34. Qf2 Qxf2+ 35. Kxf2 Nf5 36. Bd2 Ng3 37. Kf3 Ne4 38. Be3 Kf7 39. Ne1 Kg6 40. Nd3 Bd6 41. Bf4 Nxg5+ 42. Bxg5 Kxg5 43. Nc5 Bxc5 44. dxc5 Kf6 45. Kf4 Ke7 46. Ke5 Kd7 47. b5 h5 0-1

[Event "Huddersfield 4NCL op 32nd"]
[Site "Huddersfield"]
[Date "2025.01.19"]
[Round "4"]
[White "Sasikumar, Srivathsan"]
[Black "Elgar, Tim"]
[Result "0-1"]
[WhiteElo "1919"]
[BlackElo "2044"]
[PlyCount "146"]
[EventDate "2025.01.17"]
[EventType "swiss"]
[EventRounds "5"]
[EventCountry "ENG"]
[SourceTitle "CB04_2025"]
[SourceDate "2025.01.22"]
[SourceVersion "1"]
[SourceVersionDate "2025.01.22"]
[SourceQuality "1"]

1. e4 c5 2. Nf3 Nc6 3. d4 cxd4 4. Nxd4 g6 5. c4 Bg7 6. Be3 Qb6 7. Nb3 Qd8 8. Qd2 Nf6 9. Nc3 Ng4 10. Bf4 d6 11. h3 Nf6 12. Be2 a5 13. Bh6 Bxh6 14. Qxh6 a4 15. Nd2 Qa5 16. a3 Nd4 17. Bd3 Be6 18. 0-0 g5 19. f4 Qb6 20. Kh2 Qxb2 21. Ndb1 gxf4 22. Ra2 Qb3 23. Rff2 Qb6 24. Qxf4 Ra5 25. Nd5 Bxd5 26. exd5 Rf8 27. Nc3 Nd7 28. Rab2 Nb3 29. Bc2 Qc7 30. Bxh7 Ne5 31. Rbc2 Nc5 32. Nb5 Qb6 33. Rfe2 Kd8 34. Qh6 Ncd7 35. Bf5 Re8 36. Bxd7 Nxd7 37. h4 Nf6 38. Qg7 Nxd5 39. Rcd2 Nc7 40. Nxc7 Qxc7 41. Qxf7 Rc5 42. Re6 Qd7 43. Re4 Rf5 44. Qg6 Rf6 45. Qg7 Qf5 46. Red4 Rg6 47. g4 Qe6 48. Qh7 Rxg4 49. Qh5 Reg8 50. Rxg4 Qxg4 51. Qxg4 Rxg4 52. Kh3 Rxc4 53. h5 Ke8 54. Rb2 Kf7 55. Rxb7 Re4 56. Kg3 Kf6 57. h6 Kg6 58. Kf3 d5 59. Rd7 e6 60. h7 Rh4 61. Ra7 Rxh7 62. Rxa4 Kf5 63. Ra8 Rh3+ 64. Kg2 Rb3 65. a4 Ke4 66. a5 e5 67. a6 Rb2+ 68. Kf1 Ra2 69. a7 d4 70. Ke1 Ke3 71. Kf1 e4 72. Kg1 d3 73. Kf1 d2 0-1

[Event "Huddersfield 4NCL op 32nd"]
[Site "Huddersfield"]
[Date "2025.01.18"]
[Round "2"]
[White "Sasikumar, Srivathsan"]
[Black "Nakara, Husain"]
[Result "0-1"]
[WhiteElo "1919"]
[BlackElo "1663"]
[PlyCount "102"]
[EventDate "2025.01.17"]
[EventType "swiss"]
[EventRounds "5"]
[EventCountry "ENG"]
[SourceTitle "CB04_2025"]
[SourceDate "2025.01.22"]
[SourceVersion "1"]
[SourceVersionDate "2025.01.22"]
[SourceQuality "1"]

1. e4 e5 2. Nc3 Nf6 3. f4 d5 4. fxe5 Nxe4 5. Qf3 f5 6. d3 Nxc3 7. bxc3 d4 8. Qg3 Nc6 9. Be2 Be6 10. Bf3 Qd7 11. Ne2 Bc5 12. 0-0 dxc3+ 13. Kh1 0-0-0 14. Rd1 Nd4 15. Nxd4 Bxd4 16. a4 Bd5 17. Re1 Rde8 18. Rb1 Qc6 19. Bxd5 Qxd5 20. Bf4 Rhg8 21. Qh3 Qe6 22. Qf3 c6 23. h4 h6 24. h5 Qe7 25. Qh3 Rgf8 26. Qg3 Qf7 27. Qh3 Qa2 28. Qg3 Rf7 29. Qg6 Qe6 30. Qg3 Rfe7 31. a5 Qf7 32. Qh2 Qd5 33. Qh3 Qxa5 34. Qxf5+ Re6 35. Re4 c5 36. Ree1 Qa4 37. Ra1 Qxc2 38. Rxa7 Qf2 39. Rea1 Qh4+ 40. Bh2 Bxe5 41. Ra8+ Kc7 42. g3 Qf6 43. g4 Qxf5 44. gxf5 Rxa8 45. Rxa8 Re7 46. Ra3 Bxh2 47. Kxh2 Re5 48. Kg3 Re3+ 49. Kf4 Rxd3 50. Ke5 c2 51. Ra1 Rd1 0-1

[Event "Hastings Masters op 98th"]
[Site "Hastings"]
[Date "2025.01.03"]
[Round "9"]
[White "Sasikumar, Srivathsan"]
[Black "Wall, Tim"]
[Result "1-0"]
[WhiteElo "1904"]
[BlackElo "2173"]
[PlyCount "113"]
[EventDate "2024.12.28"]
[EventType "swiss"]
[EventRounds "9"]
[EventCountry "ENG"]
[SourceTitle "CB02_2025"]
[SourceDate "2025.01.08"]
[SourceVersion "1"]
[SourceVersionDate "2025.01.08"]
[SourceQuality "1"]

1. e4 c6 2. d4 d5 3. exd5 cxd5 4. c4 Nf6 5. Nc3 Nc6 6. Nf3 a6 7. c5 g6 8. Be2 Bg7 9. Bf4 0-0 10. 0-0 Ne4 11. Rc1 Be6 12. Re1 Qa5 13. a3 Rad8 14. Na4 Bd7 15. Nb6 e5 16. Nxe5 Nxe5 17. Bxe5 Bxe5 18. dxe5 Be6 19. Qd4 f6 20. exf6 Qd2 21. Qxd2 Nxd2 22. b4 Rxf6 23. Rcd1 Ne4 24. Bf3 Rff8 25. h4 a5 26. Bxe4 dxe4 27. Rxd8 Rxd8 28. Rxe4 Bf5 29. Re7 axb4 30. axb4 Rd1+ 31. Kh2 Rd4 32. Rxb7 Rxh4+ 33. Kg1 Rxb4 34. f3 Rb1+ 35. Kh2 Rc1 36. Rc7 h5 37. c6 Kf8 38. Nd5 Be6 39. Nf6 Rc4 40. Kg3 h4+ 41. Kh2 Rc2 42. Nh7+ Ke8 43. Ng5 Bf5 44. Rh7 Rxc6 45. Rxh4 Ke7 46. Rh7+ Kd6 47. g4 Bc2 48. Kg3 Rc3 49. Ra7 Ke5 50. Ra6 Bd3 51. Nf7+ Kd5 52. Rd6+ Kc5 53. Rd8 Ra3 54. Kh4 Be2 55. f4 Rf3 56. Kg5 Rg3 57. Ne5 1-0

[Event "Hastings Masters op 98th"]
[Site "Hastings"]
[Date "2024.12.31"]
[Round "5"]
[White "Sasikumar, Srivathsan"]
[Black "Badacsonyi, Frankie"]
[Result "0-1"]
[WhiteElo "1904"]
[BlackElo "2218"]
[PlyCount "80"]
[EventDate "2024.12.28"]
[EventType "swiss"]
[EventRounds "9"]
[EventCountry "ENG"]
[SourceTitle "CB02_2025"]
[SourceDate "2025.01.08"]
[SourceVersion "1"]
[SourceVersionDate "2025.01.08"]
[SourceQuality "1"]

1. e4 c5 2. Nf3 d6 3. d4 cxd4 4. Nxd4 Nf6 5. Nc3 a6 6. Be2 e5 7. Nf3 Be7 8. 0-0 Be6 9. Ng5 Bd7 10. Be3 h6 11. Nf3 Be6 12. h3 Nbd7 13. Nd2 b5 14. a3 Qc7 15. f4 exf4 16. Bxf4 Ne5 17. Qe1 Qc5+ 18. Kh1 Ng6 19. Bg3 0-0 20. Nf3 Rac8 21. Rd1 Rfe8 22. Nd4 Bf8 23. Bf2 Qc7 24. Bg3 Qb7 25. Qd2 Bc4 26. Bd3 b4 27. axb4 Qxb4 28. Bxc4 Rxc4 29. Qd3 Rec8 30. Nf5 Qxb2 31. Nd5 Nxe4 32. Nde3 Nxg3+ 33. Nxg3 Rc3 34. Qd4 Qb5 35. Ne4 R3c6 36. Nf5 Qe5 37. Qd3 Rxc2 38. Nfxd6 Bxd6 39. Nxd6 R8c3 40. Qxa6 Rxh3+ 0-1

[Event "Hastings Masters op 98th"]
[Site "Hastings"]
[Date "2024.12.30"]
[Round "4"]
[White "Dette, Jan"]
[Black "Sasikumar, Srivathsan"]
[Result "0-1"]
[WhiteElo "2102"]
[BlackElo "1904"]
[PlyCount "128"]
[EventDate "2024.12.28"]
[EventType "swiss"]
[EventRounds "9"]
[EventCountry "ENG"]
[SourceTitle "CB02_2025"]
[SourceDate "2025.01.08"]
[SourceVersion "1"]
[SourceVersionDate "2025.01.08"]
[SourceQuality "1"]

1. e4 c5 2. Nc3 Nc6 3. Bb5 e6 4. Bxc6 bxc6 5. d3 d6 6. f4 e5 7. fxe5 dxe5 8. Nf3 Bd6 9. 0-0 Ne7 10. Ng5 f6 11. Nf3 Ng6 12. Be3 0-0 13. Qe1 Be6 14. b3 Qe7 15. Na4 Nf4 16. Qf2 Bg4 17. Bxc5 Bh3 18. Bxd6 Qxd6 19. Qc5 Qxc5+ 20. Nxc5 Bxg2 21. Rf2 Bh3 22. Kh1 Rfd8 23. Nb7 Rd7 24. Na5 Rc8 25. Nc4 g5 26. Ng1 Bg4 27. Ne3 Be6 28. Ne2 h5 29. Ng3 Kf7 30. Ngf5 Bxf5 31. Nxf5 Ke6 32. Rd1 c5 33. Rfd2 Rcd8 34. Kg1 Rg8 35. Kf2 h4 36. c3 Rgd8 37. d4 cxd4 38. cxd4 exd4 39. Nxd4+ Kf7 40. Ke3 Kg6 41. a4 Kh5 42. a5 Kg4 43. b4 Kh3 44. b5 Ng2+ 45. Kf2 Nf4 46. b6 axb6 47. a6 Ne6 48. Rd3+ Kg4 49. h3+ Kh5 50. a7 Nxd4 51. Rxd4 Rxd4 52. Rxd4 Ra8 53. Rd7 Kg6 54. Ke3 b5 55. Kd4 g4 56. Ke3 g3 57. Kf4 g2 58. Rd1 Rxa7 59. Kg4 Ra2 60. Kxh4 b4 61. Kg3 b3 62. Rb1 Rc2 63. Kh2 g1Q+ 64. Kxg1 b2 0-1

[Event "Hull 4NCL op"]
[Site "Hull"]
[Date "2024.09.07"]
[Round "3"]
[White "Cast, Julian"]
[Black "Sasikumar, Srivathsan"]
[Result "0-1"]
[WhiteElo "1985"]
[BlackElo "1868"]
[PlyCount "172"]
[EventDate "2024.09.06"]
[EventType "swiss"]
[EventRounds "5"]
[EventCountry "ENG"]
[SourceTitle "EXT 2025"]
[Source "ChessBase"]
[SourceDate "2024.10.14"]
[SourceVersion "1"]
[SourceVersionDate "2024.10.14"]
[SourceQuality "1"]

1. c4 e6 2. g3 d5 3. Bg2 c6 4. cxd5 exd5 5. d4 Nf6 6. Nc3 Be7 7. Qc2 0-0 8. e3 Re8 9. Nge2 Nbd7 10. 0-0 Nf8 11. a3 Bd7 12. b4 Qc8 13. Re1 a5 14. bxa5 Rxa5 15. a4 Bf5 16. Qb3 Qd7 17. Bd2 Ra6 18. a5 Ne6 19. Na4 Ng5 20. Nf4 Be4 21. Qd1 Bxg2 22. Kxg2 Bd6 23. h4 Nge4 24. f3 Nxd2 25. Qxd2 Qe7 26. Nd3 Nh5 27. f4 Qe4+ 28. Kf2 Nf6 29. Nac5 Qf5 30. Kg2 Bxc5 31. Nxc5 Ra7 32. Reb1 Ng4 33. Rb3 b6 34. Rxb6 g5 35. e4 dxe4 36. hxg5 e3 37. Qe2 Qd5+ 38. Kh3 Nf2+ 39. Kh2 Rxa5 40. Rbb1 Rxa1 41. Rxa1 Qf5 42. g4 Qxf4+ 43. Kg2 Qxd4 44. Rc1 Qd2 45. Rc2 Qd5+ 46. Kg3 Qxg5 47. Nd7 Qe7 48. Nc5 Qe5+ 49. Kg2 Qd5+ 50. Kg3 Ne4+ 51. Nxe4 Qe5+ 52. Kh3 Qxe4 53. Rc4 Qh1+ 54. Kg3 Qg1+ 55. Kh3 Qf2 56. Qxf2 exf2 57. Kg2 Rc8 58. Kxf2 c5 59. Ke3 Kg7 60. Kf4 h6 61. Kf5 Rc6 62. Ke5 Re6+ 63. Kf4 Rc6 64. Ke5 Kg6 65. Kf4 f6 66. Kg3 h5 67. gxh5+ Kxh5 68. Kf4 Kg6 69. Kg4 f5+ 70. Kf4 Kf6 71. Ke3 Ke5 72. Kf3 Kd5 73. Rf4 Rf6 74. Ra4 f4 75. Ra8 Kd4 76. Rd8+ Kc3 77. Rc8 c4 78. Rc7 Kd3 79. Rd7+ Kc2 80. Rc7 c3 81. Rc5 Kd2 82. Rd5+ Kc1 83. Rc5 c2 84. Rc7 Rb6 85. Rh7 Kb2 86. Rh2 Kb1 0-1

[Event "Bolton Lamb Memorial"]
[Site "Bolton"]
[Date "2024.08.16"]
[Round "1"]
[White "Sasikumar, Srivathsan"]
[Black "Ashton, Adam"]
[Result "0-1"]
[WhiteElo "1863"]
[BlackElo "2289"]
[PlyCount "66"]
[EventDate "2024.08.16"]
[EventType "swiss"]
[EventRounds "5"]
[EventCountry "ENG"]
[SourceTitle "CBM 221 Extra"]
[Source "ChessBase"]
[SourceDate "2024.09.30"]
[SourceVersion "1"]
[SourceVersionDate "2024.09.30"]
[SourceQuality "1"]

1. e4 e5 2. Nc3 Nf6 3. f4 d5 4. fxe5 Nxe4 5. Qf3 f5 6. d3 Nxc3 7. bxc3 d4 8. Bd2 Nc6 9. Qg3 Qd5 10. Nf3 dxc3 11. Bxc3 Be6 12. Be2 0-0-0 13. Bd2 h6 14. h4 Bc5 15. c3 g5 16. d4 g4 17. Nh2 Nxd4 18. cxd4 Bxd4 19. Rc1 Bxe5 20. Bf4 Qd2+ 21. Bxd2 Bxg3+ 22. Kd1 Bxa2 23. Bc4 Bf4 24. Nf1 Rxd2+ 25. Nxd2 Rd8 26. Rc2 Bxc4 27. Rxc4 Rxd2+ 28. Ke1 Be3 29. g3 f4 30. gxf4 g3 31. Re4 g2 32. Rg1 Bxg1 33. Kxd2 Be3+ 0-1

[Event "BCF-ch Major"]
[Site "Hull"]
[Date "2024.07.30"]
[Round "4"]
[White "Sasikumar, Srivathsan"]
[Black "Nelson, Jonathan"]
[Result "0-1"]
[WhiteElo "1900"]
[BlackElo "2143"]
[PlyCount "112"]
[EventDate "2024.07.27"]
[EventType "swiss"]
[EventRounds "9"]
[EventCountry "ENG"]
[SourceTitle "CBM 221 Extra"]
[Source "ChessBase"]
[SourceDate "2024.09.30"]
[SourceVersion "1"]
[SourceVersionDate "2024.09.30"]
[SourceQuality "1"]

1. e4 e6 2. d4 d5 3. Be3 dxe4 4. Nd2 Nf6 5. c3 b6 6. g3 Bb7 7. Bg2 Nbd7 8. Qc2 Be7 9. Nxe4 Qc8 10. Ne2 0-0 11. 0-0-0 Bxe4 12. Bxe4 Nxe4 13. Qxe4 c5 14. dxc5 Bxc5 15. h4 Nf6 16. Qf3 Bxe3+ 17. Qxe3 Qc4 18. Kb1 Qe4+ 19. Qxe4 Nxe4 20. Rh2 Rad8 21. Kc1 Rxd1+ 22. Kxd1 Rd8+ 23. Kc1 Rd3 24. Nf4 Rd2 25. Nh3 Re2 26. Rg2 e5 27. a3 Nc5 28. b4 Nd3+ 29. Kd1 Ra2 30. a4 a5 31. bxa5 bxa5 32. g4 Nf4 33. Nxf4 exf4 34. g5 Kf8 35. Rg4 Rxf2 36. Ke1 Rf3 37. Ke2 Re3+ 38. Kd2 Re4 39. Kd3 Rxa4 40. c4 Ra3+ 41. Ke4 f3 42. Rg1 f2 43. Rf1 Ra2 44. Kd3 Ke7 45. c5 Kd7 46. Kc4 Kc6 47. Kd4 f5 48. gxf6 gxf6 49. Kc4 f5 50. h5 a4 51. Kb4 Rb2+ 52. Ka3 Re2 53. Kxa4 Kxc5 54. Kb3 Kd4 55. Kb4 Kd3 56. Kb3 Ke3 0-1